000 00735nam a2200241Ia 4500
003 OSt
005 20220925204818.0
006 a|||||r|||| 00| 0
007 ta
008 220923b |||||||| |||| 00| 0 eng d
037 _cGeneral Book
040 _aRTL
_cRTL
_beng
041 _2eng
_aeng
082 _aX:8C.277.N8, GD
110 _aAssam. Comptroller and auditory general of India (Gwahati India)
_9269001
245 0 _afinance accounts 1986-87
260 _aGwahati
_bGovt Press
300 _a255p.
_ccm.
650 _aFinancial Accounts
700 _aAssam. Comptroller and auditory general of India (Gwahati India)
_9269002
942 _hX:8C.277.N8, GD
_cGB
_2CC
999 _c550481
_d550481